Ekonomika SR po r. 2000 - hodnotenie účinnosti hospodárskej politiky diplomová práca

Guardado en:
Detalles Bibliográficos
Autor principal: Plevka, Peter
Autor Corporativo: Národohospodárska fakulta EU. Katedra hospodárskej politiky
Otros Autores: Blašková, Mária
Formato: Libro
Lenguaje:eslovaco
Publicado: Bratislava 2011
Etiquetas: Agregar Etiqueta
Sin Etiquetas, Sea el primero en etiquetar este registro!

MARC

LEADER 00000nbm a2200000 4500
001 0142275
005 20161109102004.1
041 0 |a slo 
044 |a SK 
245 1 0 |a Ekonomika SR po r. 2000 - hodnotenie účinnosti hospodárskej politiky  |b diplomová práca  |c Peter Plevka ; školiteľ: Mária Blašková 
264 1 |a Bratislava  |c 2011 
300 |a 87 s. 
100 1 |a Plevka, Peter 
700 1 |a Blašková, Mária 
710 2 |a Národohospodárska fakulta EU. Katedra hospodárskej politiky